[Event "GER-chT U12"]
[Site "Verden an der Aller"]
[Date "2003.12.30"]
[Round "7.2"]
[White "Mertens, Fridolin"]
[Black "Zimmer, Dominic"]
[Result "1-0"]
[WhiteElo "1192"]
[BlackElo "759"]
[PlyCount "41"]
[EventDate "2003.12.27"]
[EventType "team-swiss"]
[EventRounds "7"]
[EventCountry "GER"]
[SourceTitle "EXT 2022"]
[Source "ChessBase"]
[SourceDate "2021.10.06"]
[SourceVersion "1"]
[SourceVersionDate "2021.10.06"]
[SourceQuality "1"]
[WhiteTeam "Naumburg"]
[BlackTeam "Heusweiler SC Reti"]
[WhiteTeamCountry "GER"]
[BlackTeamCountry "GER"]

1. e4 d5 2. exd5 Qxd5 3. Nc3 Qa5 4. d4 c6 5. Bc4 Nf6 6. Nge2 Bf5 7. Ng3 Bg6 8. 0-0 e6 9. f4 Nbd7 10. f5 exf5 11. Re1+ Kd8 12. Bd2 Kc8 13. Nd5 Qd8 14. Nxf6 Qxf6 15. Re8+ Kc7 16. Bf4+ Kb6 17. Rxa8 c5 18. d5 Qxb2 19. Rb1 Qxb1 20. Qxb1+ Ka5 21. Qb5# 1-0